WNBA MVPs - Statistics

General Stats
  • This quiz has been taken 45 times
  • The average score is 14 of 29
Answer Stats
Hint Answer % Correct
2025 A'ja Wilson
95%
2024 A'ja Wilson
95%
2022 A'ja Wilson
95%
2020 A'ja Wilson
95%
2023 Breanna Stewart
73%
2018 Breanna Stewart
73%
2009 Diana Taurasi
62%
2013 Candace Parker
59%
2008 Candace Parker
59%
2006 Lisa Leslie
54%
2004 Lisa Leslie
54%
2001 Lisa Leslie
54%
2014 Maya Moore
51%
2012 Tina Charles
46%
2005 Sheryl Swoopes
35%
2002 Sheryl Swoopes
35%
2000 Sheryl Swoopes
35%
2019 Elena Delle Donne
30%
2015 Elena Delle Donne
30%
2021 Jonquel Jones
30%
2011 Tamika Catchings
30%
2016 Nneka Ogwumike
27%
1998 Cynthia Cooper
24%
1997 Cynthia Cooper
24%
2010 Lauren Jackson
24%
2007 Lauren Jackson
24%
2003 Lauren Jackson
24%
2017 Sylvia Fowles
19%
1999 Yolanda Griffith
14%
No matching quizzes found
Score Distribution
Percent of People with Each Score
Percentile by Number Answered
Your Score History
You have not taken this quiz